000 01385nac a22003371u 4500
003 EG-ScBUE
005 20221109054503.0
008 080914t2000 nyuab f b 001 0ceng d
020 _a0471348171
020 _a9780471348177
040 _aEG-ScBUE
_beng
_erda
_cEG-ScBUE
_dEG-ScBUE
082 0 4 _a721.0284
_bRAM
_222
245 0 0 _aRamsey/Sleeper architectural graphics standards /
_cBruce Bassler, student edition editor ; John Ray Hoke, Jr., FAIA, editor-in-chief, architectural graphic standards.
250 _aStudent edition.
264 1 _aNew York :
_bJohn Wiley & Sons, Inc.,
_c[2000]
264 4 _cc2000
300 _aix, 553 pages :
_billustrations, maps ;
_c29 cm
500 _aAn abridgment of the ninth edition.
504 _aIncludes bibliographical references and index.
600 1 7 _aRamsey, Charles George,‏
_d1884-1963.
_2BUEsh
600 1 7 _aSleeper, Harold Reeve,‏
_d1893-1960.
_2BUEsh
650 7 _aBuilding
_xDetails
_vDrawings.
_2BUEsh
_937733
650 7 _aBuilding
_xDetails
_xDrawings
_xStandards.
_2BUEsh
653 _bENGARC
655 _vReading book
_934232
700 1 _aHoke, John Ray,
_d1950-
_eeditor.
700 1 _aBassler, Bruce L.,
_eeditor.
856 4 2 _3Publisher description
_uhttp://www.loc.gov/catdir/description/wiley037/00038203.html
856 4 2 _3Table of Contents
_uhttp://www.loc.gov/catdir/toc/onix05/00038203.html
942 _2ddc
_cBB
999 _c5032
_d5032